000 00702nam a2200241Ia 4500
003 OSt
005 20220924122353.0
006 a|||||r|||| 00| 0
007 ta
008 220923b |||||||| |||| 00| 0 per d
024 _a327598
037 _cTextual
040 _aARTS
_cARTS
_bper
041 _2per
_aper
082 _aO164,1M76x, L6
100 _aIqbal Allama Au.
_9171387
245 0 _aArmughan-e-Hijaz
260 _aLahore
_bSang-e-meel publications Pakistan
_c1976
650 _aPERSIAN POETRY
700 _a Razhar Abdul Ghafoor Tr.
_9189275
942 _hO164,1M76x, L6
_cTEXL
_2CC
999 _c411369
_d411369